Loading...
Auditory Arts | 6 | 11.67 | 83% | 33% | 0% |
Beliefs | 11 | 16.36 | 91% | 64% | 9% |
Current Events | 3 | 26.67 | 100% | 100% | 67% |
Fine Arts - Other Arts | 9 | 13.33 | 67% | 44% | 22% |
History - American History | 5 | 18.00 | 100% | 40% | 40% |
History - Ancient History | 4 | 22.50 | 100% | 100% | 25% |
History - European History | 6 | 21.67 | 83% | 100% | 33% |
History - Other History | 1 | 20.00 | 100% | 100% | 0% |
History - World History | 8 | 22.50 | 100% | 75% | 50% |
Literature - American Literature | 7 | 18.57 | 100% | 86% | 0% |
Literature - British Literature | 6 | 16.67 | 100% | 50% | 17% |
Literature - European Literature | 6 | 11.67 | 83% | 33% | 0% |
Literature - World Literature | 9 | 16.67 | 100% | 56% | 11% |
Other Academic | 1 | 20.00 | 100% | 100% | 0% |
Philosophy | 5 | 14.00 | 80% | 60% | 0% |
Science - Biology | 4 | 15.00 | 100% | 50% | 0% |
Science - Chemistry | 8 | 12.50 | 100% | 25% | 0% |
Science - Other Science | 6 | 16.67 | 83% | 67% | 17% |
Science - Physics | 4 | 20.00 | 100% | 100% | 0% |
Social Science | 8 | 17.50 | 88% | 75% | 13% |
Visual Arts | 7 | 17.14 | 100% | 57% | 14% |